Bên ngoài của sự bất hạnh

সংরক্ষণ করুন:
গ্রন্থ-পঞ্জীর বিবরন
প্রধান লেখক: Nevil Shute
বিন্যাস: গ্রন্থ
ভাষা:Undetermined
প্রকাশিত: Hà Nội Văn hóa Thông tin 2005
বিষয়গুলি:
ট্যাগগুলো: ট্যাগ যুক্ত করুন
কোনো ট্যাগ নেই, প্রথমজন হিসাবে ট্যাগ করুন!
Thư viện lưu trữ: Trung tâm Học liệu Trường Đại học Cần Thơ
LEADER 00546nam a2200193Ia 4500
001 CTU_87430
008 210402s9999 xx 000 0 und d
020 |c 46000 
082 |a 820 
082 |b S562 
100 |a Nevil Shute 
245 0 |a Bên ngoài của sự bất hạnh 
245 0 |c Nevil Shute; Văn Hoà, Võ Đệ dịch 
260 |a Hà Nội 
260 |b Văn hóa Thông tin 
260 |c 2005 
650 |a english literature 
904 |i Tuyến 
980 |a Trung tâm Học liệu Trường Đại học Cần Thơ